[Event "3MCR_3DW_1L_1S"]
[Site "?"]
[Date "2009.??.??"]
[Round "?"]
[White "Nepustil, Frantisek"]
[Black "Popelka, Miloslav"]
[Result "1/2-1/2"]
[WhiteElo "2322"]
[BlackElo "2260"]
[Annotator "032"]
[PlyCount "45"]
[EventDate "2009.??.??"]
[EventType "corr"]
[SourceDate "2002.06.29"]

1. e4 e5 2. f4 exf4 3. Nf3 d6 4. Nc3 g5 5. d4 g4 6. Bxf4 gxf3 7. Qxf3 Nc6 8.
Bb5 Bd7 9. Bxc6 bxc6 10. O-O Qf6 11. e5 Qg6 12. d5 Ne7 13. exd6 cxd6 14. Rae1
Kd8 15. Bg3 Rg8 16. Bh4 c5 17. g3 f5 18. Qe2 Qf7 19. b4 Rc8 20. Nb5 Bxb5 21.
Qxb5 Qxd5 22. Qa5+ Ke8 23. Qb5+ 1/2-1/2

[Event "3MCR_3DW_1L_1S"]
[Site "?"]
[Date "2009.??.??"]
[Round "?"]
[White "Hybl, Vladislav"]
[Black "Binas, Jindrich"]
[Result "1-0"]
[WhiteElo "2307"]
[BlackElo "2249"]
[Annotator "033"]
[PlyCount "51"]
[EventDate "2009.??.??"]
[EventType "corr"]
[SourceDate "2002.06.29"]

1. e4 c5 2. Nf3 Nc6 3. c3 Nf6 4. e5 Nd5 5. Bc4 Nb6 6. Bb3 c4 7. Bc2 Qc7 8. Qe2
g5 9. Na3 g4 10. Nb5 Qb8 11. Nh4 Nxe5 12. O-O a6 13. Nd4 d6 14. b3 Qc7 15. a4
Rg8 16. a5 Nd5 17. bxc4 Qxc4 18. Qxc4 Nxc4 19. f4 gxf3 20. Nhxf3 h5 21. Bb3 b5
22. d3 Nce3 23. Rf2 e5 24. Re2 Nxg2 25. Rxg2 Nxc3 26. Rxg8 1-0

[Event "3MCR_3DW_1L_2S"]
[Site "?"]
[Date "2009.??.??"]
[Round "?"]
[White "Docekal, Ales"]
[Black "Blecha, Miroslav"]
[Result "1/2-1/2"]
[WhiteElo "2108"]
[BlackElo "2298"]
[Annotator "033"]
[PlyCount "67"]
[EventDate "2009.??.??"]
[EventType "corr"]
[SourceDate "2002.06.29"]

1. e4 c5 2. Nf3 d6 3. d4 cxd4 4. Nxd4 Nf6 5. Nc3 a6 6. Be2 e5 7. Nb3 Be7 8. O-O
O-O 9. Kh1 b6 10. f3 Bb7 11. Be3 b5 12. a4 b4 13. Nd5 Nxd5 14. exd5 Nd7 15. c4
bxc3 16. bxc3 Bg5 17. Bxg5 Qxg5 18. Na5 Rab8 19. Rb1 Ba8 20. Rb4 Rbc8 21. Nc4
Rc5 22. Nxd6 Rxd5 23. Ne4 Rxd1 24. Nxg5 Rd6 25. Kg1 h6 26. Ne4 Bxe4 27. Rxe4
Rc8 28. f4 f6 29. fxe5 Nxe5 30. Rd4 Re6 31. Rc1 Kf7 32. c4 Rc7 33. Rd8 Nc6 34.
Rd2 1/2-1/2

[Event "3MCR_3DW_1L_1S"]
[Site "?"]
[Date "2009.??.??"]
[Round "?"]
[White "Binas, Jindrich"]
[Black "Kuta, Jiri"]
[Result "0-1"]
[WhiteElo "2249"]
[BlackElo "2359"]
[Annotator "034"]
[PlyCount "82"]
[EventDate "2009.??.??"]
[EventType "corr"]
[SourceDate "2002.06.29"]

1. e4 e5 2. Nf3 Nf6 3. d4 Nxe4 4. Bd3 d5 5. Nxe5 Nd7 6. Nxd7 Bxd7 7. O-O Qh4 8.
c4 Nf6 9. Qe2+ Be6 10. cxd5 Nxd5 11. Bf5 Qe7 12. Be4 O-O-O 13. Nc3 c6 14. Re1
Qd7 15. Bg5 f6 16. Bd2 Nc7 17. Rad1 Bd6 18. Be3 Kb8 19. g3 Qf7 20. d5 Nxd5 21.
Bxd5 Bxd5 22. Nxd5 cxd5 23. Qf3 Bc7 24. Bc5 Rd7 25. Bd4 Re8 26. Qf5 h5 27. Kg2
Rdd8 28. h3 Re4 29. Rxe4 dxe4 30. Qxe4 Qxa2 31. Qe7 Qg8 32. Rc1 Bd6 33. Qe4 b6
34. Bxb6 axb6 35. Ra1 Bc5 36. Ra8+ Kc7 37. Ra7+ Kd6 38. b4 Qd5 39. bxc5+ bxc5
40. Kf3 Kc6 41. Rxg7 c4 0-1

[Event "3MCR_3DW_1L_2S"]
[Site "?"]
[Date "2009.??.??"]
[Round "?"]
[White "Toman, Antonin"]
[Black "Blecha, Miroslav"]
[Result "1/2-1/2"]
[WhiteElo "2204"]
[BlackElo "2298"]
[Annotator "034"]
[PlyCount "30"]
[EventDate "2009.??.??"]
[EventType "corr"]
[SourceDate "2002.06.29"]

1. e4 c5 2. b3 Nc6 3. Bb2 d6 4. Bb5 Bd7 5. f4 Nf6 6. Qe2 a6 7. Bxc6 Bxc6 8. d3
g6 9. Nd2 Bg7 10. Ngf3 O-O 11. O-O b5 12. c4 Qd7 13. Rae1 Rad8 14. h3 e6 15.
Ba1 Qc7 1/2-1/2

[Event "3MCR_3DW_1L_3S"]
[Site "?"]
[Date "2009.??.??"]
[Round "?"]
[White "Tomisek, Petr"]
[Black "Portych, Vaclav"]
[Result "0-1"]
[WhiteElo "2166"]
[BlackElo "2219"]
[Annotator "050"]
[PlyCount "56"]
[EventDate "2009.??.??"]
[EventType "corr"]
[SourceDate "2002.06.29"]

1. e4 c5 2. d4 cxd4 3. c3 Nf6 4. Bc4 Nxe4 5. Bxf7+ Kxf7 6. Qh5+ g6 7. Qd5+ e6
8. Qxe4 dxc3 9. Nxc3 Bg7 10. Nf3 Nc6 11. Qf4+ Qf6 12. Qg3 d5 13. O-O Rf8 14.
Bf4 e5 15. Be3 d4 16. Ne4 Qd8 17. Bg5 Qd5 18. Qh4 Bf5 19. Rfe1 Bxe4 20. Qxe4
Qxe4 21. Rxe4 Rfe8 22. a3 Ke6 23. Bd2 Kd5 24. Rae1 Rac8 25. h3 a5 26. R1e2 a4
27. Bg5 b5 28. Bd2 Rb8 0-1

[Event "3MCR_3DW_1L_1S"]
[Site "?"]
[Date "2009.??.??"]
[Round "?"]
[White "Binas, Jindrich"]
[Black "Popelka, Miloslav"]
[Result "0-1"]
[WhiteElo "2249"]
[BlackElo "2260"]
[Annotator "035"]
[PlyCount "52"]
[EventDate "2009.??.??"]
[EventType "corr"]
[SourceDate "2002.06.29"]

1. e4 e5 2. Nf3 Nc6 3. d4 exd4 4. Nxd4 Bc5 5. Nxc6 Qf6 6. Qd2 dxc6 7. Nc3 Bd4
8. Nd1 Be6 9. c3 Bb6 10. Qc2 O-O-O 11. a4 a6 12. a5 Ba7 13. Be3 Bxe3 14. Nxe3
h5 15. Bc4 Bxc4 16. Nxc4 Qe6 17. Qe2 Nf6 18. e5 Nd5 19. O-O-O Nf4 20. Qe4 g5
21. b3 Qg6 22. Qxg6 fxg6 23. Rxd8+ Rxd8 24. g3 Nd5 25. e6 Re8 26. Re1 Nxc3 0-1

[Event "3MCR_3DW_1L_1S"]
[Site "?"]
[Date "2009.??.??"]
[Round "?"]
[White "Lounek, Jan"]
[Black "Jandovsky, Viktor"]
[Result "1-0"]
[WhiteElo "2406"]
[BlackElo "2285"]
[Annotator "036"]
[PlyCount "67"]
[EventDate "2009.??.??"]
[EventType "corr"]
[SourceDate "2002.06.29"]

1. e4 e6 2. d4 d5 3. Nc3 Nf6 4. Bg5 dxe4 5. Nxe4 Be7 6. Bxf6 gxf6 7. Nf3 b6 8.
Bc4 Bb7 9. Qe2 c6 10. O-O Qc7 11. Ng3 Nd7 12. a4 h5 13. Rfe1 O-O-O 14. Ba6 Bxa6
15. Qxa6+ Kb8 16. h3 Rdg8 17. Nf5 Bd8 18. Ne3 Qf4 19. Kf1 Rxg2 20. Nxg2 Qxf3
21. Ra3 Qd5 22. Ne3 Qf3 23. a5 Rg8 24. Nc4 Qg2+ 25. Ke2 Qe4+ 26. Re3 Qf4 27. b4
Rg2 28. Rf1 Rg5 29. axb6 Bxb6 30. Na5 Bxa5 31. bxa5 Kc7 32. Qxa7+ Kd6 33. c4
Ke7 34. Qb7 1-0

[Event "3MCR_3DW_1L_2S"]
[Site "?"]
[Date "2009.??.??"]
[Round "?"]
[White "Sykora, Josef"]
[Black "Blecha, Miroslav"]
[Result "1/2-1/2"]
[WhiteElo "2317"]
[BlackElo "2298"]
[Annotator "035"]
[PlyCount "62"]
[EventDate "2009.??.??"]
[EventType "corr"]
[SourceDate "2002.06.29"]

1. d4 Nf6 2. c4 e6 3. Nc3 Bb4 4. Nf3 O-O 5. Bg5 h6 6. Bh4 c5 7. e3 cxd4 8. Nxd4
Qa5 9. Qc2 Ne4 10. Rc1 Nxc3 11. bxc3 Ba3 12. Rd1 a6 13. Be2 d6 14. O-O Nd7 15.
f4 Re8 16. f5 e5 17. Nb3 Qc7 18. Rf3 Kh8 19. e4 f6 20. Bf2 b6 21. Rh3 Bb7 22.
Be3 Nc5 23. Bxh6 gxh6 24. Qd2 Re7 25. Qxh6+ Rh7 26. Qxf6+ Qg7 27. Rxh7+ Kxh7
28. Qh4+ Qh6 29. Qe7+ Qg7 30. Qh4+ Qh6 31. Qe7+ Qg7 1/2-1/2

[Event "3MCR_3DW_1L_2S"]
[Site "?"]
[Date "2009.??.??"]
[Round "?"]
[White "Sykora, Josef"]
[Black "Hrdy, Roman"]
[Result "1/2-1/2"]
[WhiteElo "2317"]
[BlackElo "2264"]
[Annotator "036"]
[PlyCount "107"]
[EventDate "2009.??.??"]
[EventType "corr"]
[SourceDate "2002.06.29"]

1. d4 e6 2. c4 Nf6 3. Nc3 Bb4 4. e3 O-O 5. Bd3 c5 6. Nf3 Nc6 7. d5 Ne7 8. e4
Bxc3+ 9. bxc3 d6 10. O-O Ng6 11. h3 e5 12. Kh2 Bd7 13. Be3 Nh5 14. g3 Qc8 15.
Ng1 Nf6 16. a4 Rb8 17. Qd2 Kh8 18. f3 Nh5 19. a5 Kg8 20. Bc2 Re8 21. Ba4 Bxa4
22. Rxa4 Qd7 23. Ra2 b5 24. axb6 Rxb6 25. Ne2 Reb8 26. Rfa1 R6b7 27. g4 Nf6 28.
Bg5 Ne8 29. Ng3 h6 30. Be3 Kh7 31. Nf5 Ne7 32. Nh4 Nc8 33. Ng2 Nf6 34. Bf2 Kg8
35. Ne3 Nh7 36. Bg3 Ne7 37. h4 Nf6 38. h5 Nh7 39. Bh4 f6 40. Kh3 Nc8 41. Qc2
Ng5+ 42. Bxg5 fxg5 43. Kg3 Rb6 44. Nf5 Rb3 45. Ra6 Kf8 46. Qd2 R8b7 47. Rc6
R3b6 48. Ra6 Rxa6 49. Rxa6 Nb6 50. Qa2 Kg8 51. Kf2 Kh7 52. Ke2 Qc7 53. Kd3 Qb8
54. Ra5 1/2-1/2

[Event "3MCR_3DW_1L_1S"]
[Site "?"]
[Date "2009.??.??"]
[Round "?"]
[White "Jandovsky, Viktor"]
[Black "Nepustil, Frantisek"]
[Result "1/2-1/2"]
[WhiteElo "2285"]
[BlackElo "2322"]
[Annotator "037"]
[PlyCount "77"]
[EventDate "2009.??.??"]
[EventType "corr"]
[SourceDate "2002.06.29"]

1. e4 c5 2. Nf3 Nc6 3. d4 cxd4 4. Nxd4 Nf6 5. Nc3 e5 6. Ndb5 d6 7. Bg5 a6 8.
Na3 b5 9. Nd5 Be7 10. Bxf6 Bxf6 11. c3 O-O 12. Nc2 Rb8 13. h4 Be7 14. Nce3 Be6
15. a4 Qd7 16. Be2 Bd8 17. axb5 axb5 18. h5 Bg5 19. b4 Ne7 20. Qd3 Rfc8 21. O-O
Bxd5 22. Nxd5 Nxd5 23. Qxd5 Qc6 24. Qxc6 Rxc6 25. Ra3 Bd2 26. Ra2 Bg5 27. Rc2
g6 28. hxg6 hxg6 29. Ra1 Kg7 30. Ra7 Kf6 31. g3 Ke6 32. Kg2 f5 33. Bd3 Kf6 34.
g4 f4 35. Ra5 Rbc8 36. Ra3 Rb6 37. Kf3 Rh8 38. Bf1 Rc8 39. Bd3 1/2-1/2

[Event "3MCR_3DW_1L_1S"]
[Site "?"]
[Date "2009.??.??"]
[Round "?"]
[White "Houska, Jiri"]
[Black "Kaas, Jaroslav"]
[Result "0-1"]
[WhiteElo "2303"]
[BlackElo "1800"]
[Annotator "038"]
[PlyCount "72"]
[EventDate "2009.??.??"]
[EventType "corr"]
[SourceDate "2002.06.29"]

1. e4 c5 2. Nf3 e6 3. d4 cxd4 4. Nxd4 Nf6 5. Nc3 d6 6. Be3 a6 7. f3 b5 8. g4 b4
9. Nce2 e5 10. Nb3 h6 11. c4 Be6 12. Ng3 Nc6 13. a3 bxa3 14. Rxa3 a5 15. Be2 h5
16. g5 Nd7 17. f4 exf4 18. Bxf4 Qb6 19. Nf5 Bxf5 20. exf5 d5 21. Qxd5 Bb4+ 22.
Kf1 Bxa3 23. bxa3 Qxb3 24. Qe4+ Nde5 25. Bxe5 O-O 26. Bg3 h4 27. Bf2 Rae8 28.
Qxc6 h3 29. Qd5 Rd8 30. Qf3 Qb1+ 31. Be1 Rfe8 32. Rg1 Rd2 33. Rg3 Rdxe2 34.
Qxe2 Rxe2 35. Kxe2 Qe4+ 36. Kd1 Qxc4 0-1

[Event "3MCR_3DW_1L_3S"]
[Site "?"]
[Date "2009.??.??"]
[Round "?"]
[White "Pravec, Ladislav"]
[Black "Schoupal, Patrik"]
[Result "1/2-1/2"]
[WhiteElo "2338"]
[BlackElo "2000"]
[Annotator "051"]
[PlyCount "80"]
[EventDate "2009.??.??"]
[EventType "corr"]
[SourceDate "2002.06.29"]

1. d4 d5 2. c4 e6 3. Nc3 c6 4. Nf3 Nf6 5. e3 Nbd7 6. Qc2 Bd6 7. Bd3 O-O 8. O-O
dxc4 9. Bxc4 a6 10. Rd1 b5 11. Be2 Qc7 12. Ne4 Nxe4 13. Qxe4 e5 14. Qh4 Re8 15.
a4 e4 16. Nd2 Re6 17. Nxe4 Rh6 18. Bh5 g6 19. Nxd6 Qxd6 20. Qd8+ Kg7 21. Bg4
Qxh2+ 22. Kf1 Nf6 23. Bxc8 Rh5 24. e4 Qh1+ 25. Ke2 Qxg2 26. Rd3 Qxe4+ 27. Re3
Qc2+ 28. Bd2 Ne4 29. Rd1 Rd5 30. Qc7 Rxc8 31. Qxc8 Rxd4 32. Qc7 Rxd2+ 33. Rxd2
Qxd2+ 34. Kf3 Nf6 35. Qe5 Qd1+ 36. Kg2 Qxa4 37. b3 Qg4+ 38. Rg3 Qd7 39. Rf3 Qd8
40. b4 h6 1/2-1/2

[Event "3MCR_3DW_1L_3S"]
[Site "?"]
[Date "2009.??.??"]
[Round "?"]
[White "Ryska, Jiri"]
[Black "Alexa, Jaroslav"]
[Result "1/2-1/2"]
[WhiteElo "2104"]
[BlackElo "2325"]
[Annotator "052"]
[PlyCount "54"]
[EventDate "2009.??.??"]
[EventType "corr"]
[SourceDate "2002.06.29"]

1. Nf3 d5 2. d4 c6 3. Bf4 Qb6 4. b3 Bf5 5. e3 Nf6 6. Bd3 Bxd3 7. Qxd3 e6 8. O-O
Nbd7 9. Nbd2 Be7 10. e4 dxe4 11. Nxe4 Nxe4 12. Qxe4 Nf6 13. Qe2 Rd8 14. c4 O-O
15. Rad1 a6 16. Rd3 c5 17. d5 Rfe8 18. dxe6 Qxe6 19. Qxe6 fxe6 20. Rxd8 Bxd8
21. Rd1 h6 22. h3 Be7 23. Be3 b6 24. a4 a5 25. Bf4 Rd8 26. Rxd8+ Bxd8 27. Kf1
Ne8 1/2-1/2

[Event "3MCR_3DW_1L_1S"]
[Site "?"]
[Date "2009.??.??"]
[Round "?"]
[White "Jandovsky, Viktor"]
[Black "Pecka, Josef"]
[Result "1/2-1/2"]
[WhiteElo "2285"]
[BlackElo "2270"]
[Annotator "039"]
[PlyCount "67"]
[EventDate "2009.??.??"]
[EventType "corr"]
[SourceDate "2002.06.29"]

1. e4 e6 2. d4 d5 3. Nc3 Nf6 4. e5 Nfd7 5. f4 c5 6. Nf3 Nc6 7. Be3 cxd4 8. Nxd4
Bc5 9. Qd2 O-O 10. O-O-O a6 11. Qf2 Qe7 12. Kb1 Nxd4 13. Bxd4 b5 14. Bd3 Bxd4
15. Qxd4 Bb7 16. a3 Bc6 17. Rhe1 Rfb8 18. Na2 a5 19. c3 Nc5 20. Bc2 Ne4 21. g3
Rc8 22. Qe3 f6 23. exf6 Qxf6 24. Rd4 Be8 25. Nc1 Bg6 26. Nd3 Bf5 27. Ne5 Nc5
28. g4 Bxc2+ 29. Kxc2 Rab8 30. Kb1 Rc7 31. h3 Ne4 32. Nd3 Re8 33. Nf2 Nd6 34.
Nd3 1/2-1/2

[Event "3MCR_3DW_1L_3S"]
[Site "?"]
[Date "2009.??.??"]
[Round "?"]
[White "Glaser, Karel"]
[Black "Schoupal, Patrik"]
[Result "1/2-1/2"]
[WhiteElo "2202"]
[BlackElo "2000"]
[Annotator "053"]
[PlyCount "75"]
[EventDate "2009.??.??"]
[EventType "corr"]
[SourceDate "2002.06.29"]

1. e4 c5 2. Nf3 d6 3. d4 cxd4 4. Nxd4 Nf6 5. Nc3 a6 6. Be3 e5 7. Nb3 Be6 8. Be2
Be7 9. O-O O-O 10. Nd5 Nxe4 11. Bb6 Qd7 12. Nc7 Nc6 13. Nxa8 Rxa8 14. c4 a5 15.
f3 Nf6 16. Bf2 Qc7 17. Re1 Rd8 18. Qc2 g6 19. Rad1 Nd7 20. Nd2 Nc5 21. Ne4 Bf5
22. b3 h5 23. Kh1 Bxe4 24. fxe4 Ne6 25. Qb2 Ncd4 26. Bd3 Bg5 27. Rf1 Ra8 28.
Qc3 Qc6 29. Qe1 Qc5 30. Bg1 Rf8 31. Qg3 Kg7 32. h3 Bh6 33. Qf2 Qc6 34. Qb2 Bg5
35. Bf2 h4 36. Rfe1 b6 37. Rf1 Ra8 38. Kg1 1/2-1/2

[Event "3MCR_3DW_1L_1S"]
[Site "?"]
[Date "2009.??.??"]
[Round "?"]
[White "Hybl, Vladislav"]
[Black "Nepustil, Frantisek"]
[Result "1/2-1/2"]
[WhiteElo "2307"]
[BlackElo "2322"]
[Annotator "040"]
[PlyCount "54"]
[EventDate "2009.??.??"]
[EventType "corr"]
[SourceDate "2002.06.29"]

1. e4 d5 2. exd5 Qxd5 3. Nc3 Qd6 4. d4 Nf6 5. Nf3 a6 6. g3 Bg4 7. h3 Bh5 8. Bg2
Nc6 9. O-O O-O-O 10. Bf4 Qb4 11. g4 Bg6 12. Qc1 e6 13. a3 Qb6 14. Re1 Nd5 15.
Nxd5 exd5 16. c4 Nxd4 17. Nxd4 Bc5 18. Bxd5 Bxd4 19. Re7 Bxf2+ 20. Kg2 Rd7 21.
Rxd7 Kxd7 22. Qd2 Bd4 23. Rd1 Qxb2 24. Qxb2 Bxb2 25. Bxb7+ Ke7 26. Bxc7 Bxa3
27. Ra1 Bd6 1/2-1/2

[Event "3MCR_3DW_1L_2S"]
[Site "?"]
[Date "2009.??.??"]
[Round "?"]
[White "Cipka, Ivan"]
[Black "Pirhala, Ladislav"]
[Result "1/2-1/2"]
[WhiteElo "2194"]
[BlackElo "2190"]
[Annotator "037"]
[PlyCount "67"]
[EventDate "2009.??.??"]
[EventType "corr"]
[SourceDate "2002.06.29"]

1. e4 c5 2. Nf3 d6 3. d4 cxd4 4. Nxd4 Nf6 5. Nc3 a6 6. Bg5 e6 7. f4 Be7 8. Qf3
Qc7 9. O-O-O Nbd7 10. g4 b5 11. Bxf6 Nxf6 12. g5 Nd7 13. f5 Bxg5+ 14. Kb1 O-O
15. fxe6 Nb6 16. Nd5 Nxd5 17. exd5 fxe6 18. Qg4 e5 19. Qxg5 exd4 20. Bd3 g6 21.
h4 Bf5 22. h5 Bxd3 23. Rxd3 Rf5 24. Qg4 Rc8 25. Rd2 Qd7 26. Rxd4 g5 27. a3 Re8
28. h6 Ree5 29. Qh3 Kf7 30. Rdd1 Qb7 31. Qc3 Kg6 32. Ka1 Qd7 33. Rc1 Rxd5 34.
Qh8 1/2-1/2

[Event "3MCR_3DW_1L_2S"]
[Site "?"]
[Date "2009.??.??"]
[Round "?"]
[White "Sykora, Josef"]
[Black "Cipka, Ivan"]
[Result "1/2-1/2"]
[WhiteElo "2317"]
[BlackElo "2194"]
[Annotator "038"]
[PlyCount "64"]
[EventDate "2009.??.??"]
[EventType "corr"]
[SourceDate "2002.06.29"]

1. d4 d5 2. c4 dxc4 3. Nf3 b5 4. a4 c6 5. e3 e6 6. axb5 cxb5 7. b3 Bb4+ 8. Bd2
Bxd2+ 9. Nbxd2 a5 10. bxc4 b4 11. Ne5 Nf6 12. Be2 O-O 13. Bf3 Ra6 14. O-O Qc7
15. Qa4 Nbd7 16. Nd3 e5 17. Qb5 exd4 18. exd4 Ne8 19. Rfc1 Nd6 20. Qg5 h6 21.
Qg3 Qb6 22. c5 Qb5 23. Nb2 Nf5 24. Qf4 Nf6 25. d5 a4 26. Qc4 Qxc4 27. Rxc4 Nxd5
28. Bxd5 Rd8 29. Bf3 Rxd2 30. Rxb4 Nd4 31. Be4 Re6 32. f3 Ne2+ 1/2-1/2

[Event "3MCR_3DW_1L_2S"]
[Site "?"]
[Date "2009.??.??"]
[Round "?"]
[White "Zahour, Jiri"]
[Black "Sykora, Josef"]
[Result "1-0"]
[WhiteElo "2321"]
[BlackElo "2317"]
[Annotator "039"]
[PlyCount "121"]
[EventDate "2009.??.??"]
[EventType "corr"]
[SourceDate "2002.06.29"]

1. e4 e5 2. Nf3 Nc6 3. d4 exd4 4. Nxd4 Bc5 5. Nxc6 Qf6 6. Qf3 bxc6 7. Nd2 Qxf3
8. gxf3 d5 9. Rg1 g6 10. Nb3 Bd6 11. h4 a5 12. Nd4 Ne7 13. Bg5 Be5 14. O-O-O f6
15. Be3 Kf7 16. f4 Bxd4 17. Rxd4 dxe4 18. Rxe4 Be6 19. Bc5 Nd5 20. Be2 Bf5 21.
Rc4 Nb6 22. Rd4 Rad8 23. Rgd1 Rxd4 24. Rxd4 Re8 25. Kd2 Be4 26. b3 Nd5 27. Bd1
h5 28. Ra4 Nxf4 29. f3 Ne6 30. Bf2 Rd8+ 31. Kc1 Bf5 32. Rxa5 Ke7 33. a4 Bh3 34.
Bc5+ Kd7 35. Be3 Bg2 36. Be2 Re8 37. Kd2 g5 38. Rf5 gxh4 39. Rxh5 h3 40. f4 Rg8
41. Bd3 Kd6 42. a5 Re8 43. b4 c5 44. bxc5+ Kc6 45. a6 Rd8 46. Kc3 Bd5 47. Kb4
Rb8+ 48. Ka5 Rb1 49. a7 Ra1+ 50. Kb4 Rb1+ 51. Kc3 Ra1 52. Rxh3 Nxc5 53. Rh6
Ra3+ 54. Kb2 Ra2+ 55. Kb1 Nxd3 56. Rxf6+ Kd7 57. cxd3 Re2 58. Bc5 Re8 59. f5
Ra8 60. Kb2 Rh8 61. Rg6 1-0

[Event "3MCR_3DW_1L_2S"]
[Site "?"]
[Date "2009.??.??"]
[Round "?"]
[White "Vozda, Jindrich"]
[Black "Sykora, Josef"]
[Result "1-0"]
[WhiteElo "2444"]
[BlackElo "2317"]
[Annotator "040"]
[PlyCount "101"]
[EventDate "2009.??.??"]
[EventType "corr"]
[SourceDate "2002.06.29"]

1. e4 e5 2. Nf3 Nc6 3. Bb5 a6 4. Ba4 Nf6 5. O-O Be7 6. Re1 b5 7. Bb3 O-O 8. h3
d6 9. c3 Na5 10. Bc2 c5 11. d4 Qc7 12. d5 Bd7 13. b3 Nb7 14. Nbd2 g6 15. a4
Rfb8 16. Nf1 c4 17. b4 a5 18. Bg5 Bd8 19. Ne3 Nh5 20. Bh6 Bf6 21. axb5 axb4 22.
cxb4 Bxb5 23. Ba4 Bxa4 24. Rxa4 c3 25. Rxa8 Rxa8 26. Qc2 Bg7 27. Bxg7 Kxg7 28.
Rb1 Rc8 29. Rb3 Nf6 30. Nd1 Qb6 31. Nxc3 h6 32. Qb1 Ra8 33. g3 Rc8 34. Kg2 h5
35. Nd1 Rc4 36. Ng5 h4 37. g4 Qa7 38. Nc3 Rc8 39. Nf3 Rh8 40. Qd3 Qa8 41. Qe3
Qa6 42. Nb1 Qa1 43. Nbd2 Rc8 44. Ra3 Qc1 45. Ra7 Qc7 46. Nxh4 Ng8 47. Nb3 Qb8
48. b5 Nc5 49. Nxc5 Rxc5 50. Qg5 Qxa7 51. Nf5+ 1-0

[Event "3MCR_3DW_1L_2S"]
[Site "?"]
[Date "2009.??.??"]
[Round "?"]
[White "Mezera, Lukas"]
[Black "Krouzel, Jaroslav"]
[Result "1-0"]
[WhiteElo "2213"]
[BlackElo "2277"]
[Annotator "041"]
[PlyCount "63"]
[EventDate "2009.??.??"]
[EventType "corr"]
[SourceDate "2002.06.29"]

1. d4 d5 2. e4 e6 3. Nd2 Nc6 4. c3 dxe4 5. Nxe4 Nf6 6. Nxf6+ Qxf6 7. Nf3 h6 8.
Bb5 Bd7 9. O-O Bd6 10. Qe2 O-O-O 11. Nd2 Qh4 12. g3 Qh3 13. Ne4 e5 14. Be3 Kb8
15. Nxd6 cxd6 16. a4 h5 17. f3 f6 18. d5 Ne7 19. c4 Nf5 20. Bf2 g5 21. a5 Bc8
22. a6 b6 23. Bc6 Nd4 24. Bxd4 exd4 25. Qf2 Qf5 26. Qxd4 Rh7 27. b4 Qe5 28. Qd2
h4 29. Rae1 Qf5 30. g4 Qg6 31. c5 dxc5 32. bxc5 1-0

[Event "3MCR_3DW_1L_3S"]
[Site "?"]
[Date "2009.??.??"]
[Round "?"]
[White "Cakl, Miloslav"]
[Black "Bares, Jiri"]
[Result "1/2-1/2"]
[WhiteElo "2041"]
[BlackElo "2234"]
[Annotator "054"]
[PlyCount "84"]
[EventDate "2009.??.??"]
[EventType "corr"]
[SourceDate "2002.06.29"]

1. e4 c5 2. Nf3 d6 3. d4 cxd4 4. Nxd4 Nf6 5. Nc3 a6 6. Bg5 e6 7. Qf3 h6 8. Bxf6
Qxf6 9. Qxf6 gxf6 10. Be2 h5 11. O-O-O Bd7 12. b3 Nc6 13. Kb2 O-O-O 14. Nxc6
Bxc6 15. h4 Bg7 16. Bf3 b5 17. b4 f5 18. exf5 Bxf3 19. gxf3 Kd7 20. Rd3 Rhg8
21. Rhd1 d5 22. Kb3 Bxc3 23. Rxc3 Rg2 24. Re3 Ke7 25. Re2 Kf6 26. fxe6 fxe6 27.
Rh1 Rd6 28. a4 d4 29. axb5 axb5 30. Kb2 Kf5 31. Rhe1 Rh2 32. Re5+ Kf4 33. Rxe6
Rxe6 34. Rxe6 Kxf3 35. Re5 Rxh4 36. Rxb5 Kxf2 37. Rf5+ Ke3 38. Re5+ Kf4 39. Rc5
d3 40. Rc4+ Kg3 41. Rxh4 Kxh4 42. cxd3 Kg4 1/2-1/2

[Event "3MCR_3DW_1L_3S"]
[Site "?"]
[Date "2009.??.??"]
[Round "?"]
[White "Janocko, Petr"]
[Black "Cakl, Miloslav"]
[Result "1-0"]
[WhiteElo "2193"]
[BlackElo "2041"]
[Annotator "055"]
[PlyCount "109"]
[EventDate "2009.??.??"]
[EventType "corr"]
[SourceDate "2002.06.29"]

1. e4 c5 2. Nf3 d6 3. d4 cxd4 4. Nxd4 Nf6 5. Nc3 a6 6. Be3 e5 7. Nb3 Be7 8. f3
O-O 9. Qd2 Be6 10. O-O-O Nbd7 11. g4 b5 12. Rg1 b4 13. Nd5 Bxd5 14. exd5 Nb6
15. Na5 Qc7 16. Nc6 Nbxd5 17. Nxe7+ Nxe7 18. Qxd6 Rfc8 19. Qxc7 Rxc7 20. Rg2 h5
21. Bg5 hxg4 22. Bxf6 gxf6 23. Rxg4+ Kf8 24. Rxb4 Nf5 25. Bd3 Ne3 26. Rd2 Ke7
27. Re2 Nd5 28. Rd4 Nb6 29. f4 Ke6 30. Rde4 Nd7 31. b4 a5 32. a3 axb4 33. axb4
Rb8 34. Rd4 Nb6 35. Kd2 Rbc8 36. f5+ Ke7 37. h4 Nc4+ 38. Kc1 Nb6 39. h5 Rh8 40.
Rh4 Nd5 41. h6 Rb7 42. Ree4 Rh7 43. Kb2 Rb8 44. Kb3 Rbh8 45. c4 Nc7 46. c5 Rxh6
47. Rxh6 Rxh6 48. Bc4 Rh3+ 49. Ka4 Rh5 50. b5 Rxf5 51. b6 Rf2 52. Re1 Rc2 53.
bxc7 Kd7 54. c6+ Kxc7 55. Kb5 1-0

[Event "3MCR_3DW_1L_3S"]
[Site "?"]
[Date "2009.??.??"]
[Round "?"]
[White "Tyrlik, Jaroslav"]
[Black "Pravec, Ladislav"]
[Result "0-1"]
[WhiteElo "2039"]
[BlackElo "2338"]
[Annotator "056"]
[PlyCount "96"]
[EventDate "2009.??.??"]
[EventType "corr"]
[SourceDate "2002.06.29"]

1. e4 c5 2. Nf3 Nc6 3. d4 cxd4 4. Nxd4 Nf6 5. Nc3 e5 6. Ndb5 d6 7. Nd5 Nxd5 8.
exd5 Ne7 9. c3 Nf5 10. Bd3 Be7 11. Qg4 g6 12. Qb4 a6 13. Na3 b5 14. O-O O-O 15.
Nc2 Bd7 16. Re1 a5 17. Qe4 Qc7 18. Bd2 Rfc8 19. Rac1 Rab8 20. Bf1 Qb7 21. b3
Bd8 22. c4 a4 23. Bd3 bxc4 24. Bxc4 Bb6 25. Qd3 Qa7 26. Rf1 Rb7 27. Bg5 Kg7 28.
Rce1 h5 29. Rc1 Rbc7 30. Bd2 h4 31. Bg5 f6 32. Bd2 Rh8 33. Bb4 Rcc8 34. Qf3 h3
35. g3 Rhe8 36. Qe4 Qb7 37. Bd2 Ra8 38. Bb4 Red8 39. Bd2 axb3 40. axb3 Ra2 41.
Bc3 Nh6 42. Nb4 Bf5 43. Qf3 Raa8 44. Nc6 Rdc8 45. Bd2 Ng4 46. b4 e4 47. Qe2 e3
48. fxe3 Re8 0-1

[Event "3MCR_3DW_1L_3S"]
[Site "?"]
[Date "2009.??.??"]
[Round "?"]
[White "Alexa, Jaroslav"]
[Black "Tomisek, Petr"]
[Result "1-0"]
[WhiteElo "2325"]
[BlackElo "2166"]
[Annotator "057"]
[PlyCount "59"]
[EventDate "2009.??.??"]
[EventType "corr"]
[SourceDate "2002.06.29"]

1. d4 Nf6 2. c4 c5 3. d5 e5 4. Nc3 d6 5. e4 g6 6. Be2 a6 7. Bg5 Bg7 8. Nf3 O-O
9. Qd2 Nbd7 10. O-O Re8 11. Ne1 Rb8 12. a4 Qa5 13. Nd3 Nb6 14. b3 Nbd7 15. h3
Nf8 16. Rac1 N8d7 17. Be3 Qd8 18. Rce1 b6 19. Bd1 Qc7 20. f4 exf4 21. Bxf4 Bb7
22. Bg5 Ra8 23. Rf2 Rf8 24. Ref1 Ne8 25. Bg4 Bd4 26. Bxd7 Qxd7 27. Be3 Bxe3 28.
Qxe3 a5 29. e5 Qe7 30. g4 1-0

[Event "3MCR_3DW_1L_3S"]
[Site "?"]
[Date "2009.??.??"]
[Round "?"]
[White "Janocko, Petr"]
[Black "Tyrlik, Jaroslav"]
[Result "1-0"]
[WhiteElo "2193"]
[BlackElo "2039"]
[Annotator "058"]
[PlyCount "77"]
[EventDate "2009.??.??"]
[EventType "corr"]
[SourceDate "2002.06.29"]

1. d4 d5 2. c4 e6 3. Nf3 Nf6 4. g3 dxc4 5. Bg2 c5 6. O-O Nc6 7. Qa4 cxd4 8.
Nxd4 Qxd4 9. Bxc6+ Bd7 10. Rd1 Bxc6 11. Qxc6+ bxc6 12. Rxd4 Be7 13. Rxc4 c5 14.
Nd2 Nd5 15. Nb3 Rb8 16. e4 Rb4 17. Rxb4 Nxb4 18. Be3 Nd3 19. Nd2 Rf8 20. Rd1 f5
21. b3 Nb4 22. Nc4 fxe4 23. Nd6+ Bxd6 24. Rxd6 Rf6 25. Bxc5 Nxa2 26. Bxa7 Nc3
27. Bd4 Ne2+ 28. Kg2 Nxd4 29. Rxd4 Rf3 30. b4 Rb3 31. Rxe4 Ke7 32. Rh4 h6 33.
Rc4 g5 34. h4 Kf6 35. h5 Ke5 36. f3 Rb2+ 37. Kh3 Rb3 38. Rc5+ Kd6 39. Rc8 1-0